000 01288cam a22002771 4500
001 hew59000073
003 DLC
005 20260227111509.0
008 830325s1959 dcu 000 0 eng
010 _ahew59000073
035 _a(OCoLC)16765815
040 _aDLC
_cOrPS
_dOCoLC
_dDLC
042 _apremarc
050 0 0 _aL111
_b.A72 no. 580
100 1 _aWill, Robert F.
_q(Robert Frederick),
_d1917-
245 1 0 _aState school administration: 1900-1957 :
_breports of major surveys and studies /
_ccompiled by Robert F. Will, Louise R. Murphy ; under direction of James E. Gibbs, Jr.
260 _a[Washington] :
_bU.S. Dept. of Health, Education, and Welfare, Office of Education,
_c[1959]
300 _avi, 81 p. ;
_c26 cm.
440 0 _aCircular (United States. Office of Education) ;
_vno. 580
501 _aWith: Library statistics of larger colleges and universities, 1956-57 / by John Carson Rather. Washington : U.S. Dept. of Health, Education, and Welfare, Office of Education, [1959]. Bound together subsequent to publication.
_5DLC
650 0 _aSchool management and organization
_zUnited States
_vBibliography.
650 0 _aState departments of education.
650 0 _aEducational surveys.
700 1 _aMurphy, Louise Ratliff,
_d1914-
700 1 _aGibbs, James E.
999 _c34210
_d34210